| 000 -LEADER |
| fixed length control field |
01445nam a22001577a 4500 |
| 008 - FIXED-LENGTH DATA ELEMENTS--GENERAL INFORMATION |
| fixed length control field |
210310b ||||| |||| 00| 0 eng d |
| 100 ## - MAIN ENTRY--PERSONAL NAME |
| Personal name |
Sinha, Anjani Kumar |
| 245 ## - TITLE STATEMENT |
| Title |
State interventions for women empowerment in Bihar: An assessment |
| 260 ## - PUBLICATION, DISTRIBUTION, ETC. (IMPRINT) |
| Place of publication, distribution, etc |
Bihar Journal of Public Administration |
| 300 ## - PHYSICAL DESCRIPTION |
| Extent |
17(1), Jan-June, 2020: p.154-160 |
| 520 ## - SUMMARY, ETC. |
| Summary, etc |
Women empowerment, in short, is that capability of the women by which they take decision by themselves and play roles in socio-economic and political domains. But it requires state interventions for empowering them in the shape of financial support, providing infrastructure, morale boosting, opportunities for adequate active participation in social domain and political institutions. All these enable them to think, to understand, to participate, to hold and represent for the development of themselves. A variety of schemes covering socio-economic and political spheres have been provided by state in Bihar. These schemes have shown promise but there is need of making them self assertive to get the benefits of state interventions and enjoy the fruits of the schemes. The PRIs are the most potential instrument to empower them in real sense. We can hope for the best. – Reproduced |
| 650 ## - SUBJECT ADDED ENTRY--TOPICAL TERM |
| Topical term or geographic name as entry element |
SHGs, Schemes for girls, PRIs, Jeevika, Prohibition, Bihar |
| 9 (RLIN) |
23212 |
| 773 ## - HOST ITEM ENTRY |
| Main entry heading |
Bihar Journal of Public Administration |
| 906 ## - LOCAL DATA ELEMENT F, LDF (RLIN) |
| Subject DIP |
WOMEN EMPOWERMENT - BIHAR |
| 942 ## - ADDED ENTRY ELEMENTS (KOHA) |
| Item type |
Articles |